Super Bowl Winning RBs - Statistics

General Stats
  • This quiz has been taken 39 times
  • The average score is 22 of 59
Answer Stats
Year Team Runningback % Correct
2025 Eagles Saquon Barkley
90%
2024 Chiefs Isaiah Pacheco
73%
2023 Chiefs Isaiah Pacheco
73%
2002 Pats Antowain Smith
67%
1996 Cowboys Emmitt Smith
67%
1994 Cowboys Emmitt Smith
67%
1993 Cowboys Emmitt Smith
67%
2014 Seahawks Marshawn Lynch
67%
1988 Redskins Timmy Smith
67%
2022 Rams Kyren Williams
60%
1986 Bears Walter Payton
53%
1980 Steelers Franco Harris
50%
1979 Steelers Franco Harris
50%
1976 Steelers Franco Harris
50%
1975 Steelers Franco Harris
50%
2000 Rams Marshall Faulk
50%
1977 Raiders Clarence Davis
47%
2017 Pats James White
47%
1984 Raiders Marcus Allen
47%
2021 Bucs Rachaad White
47%
1999 Broncos Terrell Davis
47%
1998 Broncos Terrell Davis
47%
1978 Cowboys Tony Dorsett
43%
2016 Broncos C.J. Anderson
40%
1983 Redskins John Riggins
40%
1974 Dolphins Larry Csonka
40%
1973 Dolphins Larry Csonka
40%
1991 Giants Ottis Anderson
40%
1990 49ers Roger Craig
40%
1989 49ers Roger Craig
40%
1985 49ers Roger Craig
40%
2001 Ravens Jamal Lewis
37%
2015 Pats LeGarrette Blount
37%
2013 Ravens Ray Rice
37%
1972 Cowboys Duane Thomas
30%
1967 Packers Jim Taylor
30%
2010 Saints Pierre Thomas
30%
2020 Chiefs Clyde Edwards-Helaire
23%
2005 Pats Corey Dillon
23%
2004 Pats Corey Dillon
23%
1995 49ers Ricky Watters
23%
2012 Giants Ahmad Bradshaw
20%
2008 Giants Brandon Jacobs
20%
2019 Pats Sony Michel
20%
1987 Giants Joe Morris
17%
2007 Colts Joseph Addai
17%
2009 Steelers Willie Parker
17%
2006 Steelers Willie Parker
17%
1968 Packers Ben Wilson
13%
1997 Packers Dorsey Levens
13%
1981 Raiders Mark Van Eeghen
13%
1992 Redskins Ernest Byner
10%
2018 Eagles Jay Ajayi
10%
1969 Jets Matt Snell
10%
2011 Packers James Starks
7%
2003 Bucs Michael Pittman
7%
1970 Chiefs Mike Garrett
7%
1971 Colts Walt Garrison
7%
1982 49ers Ricky Patton
3%
No matching quizzes found
Score Distribution
Percent of People with Each Score
Percentile by Number Answered
Your Score History
You have not taken this quiz